O jovem basquetebolista (Registo nº 4342)

Detalhes MARC
000 -Etiqueta do registo
Cabeçalho 00587nam a2200217 4500
005 - Identificador da versão
Campo de controlo 20240813122058.0
010 ## - Número internacional normalizado dos livros (ISBN)
Número (ISBN) 9722611941
100 ## - Dados gerais de processamento
Dados gerais de processamento 19880225d1995 a y0pory5003 ba
102 ## - Pais de publicação ou produção
País de publicação Portugal
101 1# - Língua de publicação
Língua do texto, banda sonora, etc. Português
Língua do documento no original Inglês
215 ## - Descrição física 
Indicação específica da natureza do documento e extensão da espécie 45p
Outras indicações físicas il
Dimensões 30cm
200 1# - Titulo e menção de responsabilidade
Título próprio O jovem basquetebolista
Primeira menção de responsabilidade Chris Mullin e Brian Coleman
Outras menções de responsabilidade tradução de Paula Reis
210 ## - Publicação, Distribuição, etc. 
Lugar da edição, distribuição, etc. Porto
Nome do editor, distribuidor, etc. Civilização
Data da publicação, distribuição, etc. 1995
675 ## - Classificação Decimal Universal (CDU)
Notação 796.323
Edição 2
Língua da edição por
701 #1 - Nome de autor-pessoa física (co-responsabilidade principal)
Palavra de ordem Coleman
Outra parte do nome não tomada para palavra de ordem Brian
Código de função Autor / Co-autor
700 #1 - Nome de autor-pessoa física (responsabilidade principal)
Número de registo de entrada de autoridade 0001128
Palavra de ordem Mullin
Outra parte do nome não tomada para palavra de ordem Chris
942 ## - Elementos de entrada adicionados (Koha)
Tipo de item no Koha Livro
Exemplares
Situação do levantamento Origin of item (home branch) (coded) Biblioteca de empréstimo Código de barras Cota Circulation type (not for loan) Tipo de documento Nota do exemplar Damaged status
  Biblioteca Escolar das Vendas Biblioteca Escolar das Vendas BEV801 7DES MUL   Livro Sem mensagem